Responses for Show #7035 - Friday, March 27, 2015

Michael Bilow game 1.

Contestants

[<< previous game]

Eric Swanson, a Ph.D. student in experimental pathology from Charlottesville, Virginia

Michael Bilow, a Ph.D. student in computer science originally from Chicago, Illinois

Jacqueline Hawkins, an English professor from Louisville, Kentucky (whose 2-day cash winnings total $34,101)

[next game >>]

Jeopardy! Round responses

ROUGH WORDS IN NATIONAL ANTHEMS
THE FILM-TO-TV ROLE
REMEMBER 2014?
"-EY" MAN
FONTS
OF INFORMATION
    $200 26
Hungary

Eric
    $200 1
Ferris Bueller

Jacqueline
    $200 7
(Oscar) Pistorius

Michael
    $200 3
jockey

Eric
    $200 12
the Roman Empire

Michael
    $200 14
Norway

Michael
    $400 27
"La Marseillaise"

Michael
    $400 2
(Eric: What is The Transformer?)
(Alex: Right.)
[Someone yells from off-stage.]
(Eric: Oh! oh!)
(Alex: Oh, sorry.)

The Transporter

MichaelEric
    $1,000 8
cell phones

Michael
    $400 16
a lackey

Jacqueline
    $400 13
a résumé

Eric
    $400 15
Cats

Eric
    $600 28
free

Michael
    $600 4
Alice

Eric
    $600 9
Afghanistan

Jacqueline
    $600 17
Cockney

Eric
    $600 23
optical

Michael
    $600 20
mushrooms

Eric
    $800 29
Mexico

Michael
    $800 5
Private Benjamin

Jacqueline
    $800 10
a sinkhole

Jacqueline
    $800 18
a fogey

Michael
    $800 24
Comic

Eric
    $800 21
(Pierre-Auguste) Renoir

Eric
    $1000 30
Algeria

Michael
    $1000 6
Sarah Connor

Eric
    $1000 11
Guatemala (or El Salvador or Honduras)

Eric
    $1000 19
a grease monkey

Michael
    $1000 25
Bauhaus

Michael
    $1000 22
(Jacqueline: What are American dollars?)

a shilling

JacquelineMichael

Scores at the first commercial break (after clue 15):

Jacqueline Michael Eric
$2,400 $2,000 $3,200

Scores at the end of the Jeopardy! Round:

Jacqueline Michael Eric
$1,800 $9,200 $6,200

Double Jeopardy! Round responses

PLACES IN SONG
TALK ABOUT THE CLIMATE
BIG WORDS
AUTHORS & THEIR WORKS
ASIAN AMERICANS
WHAT?!... WHEN?!
    $400 1
London

Eric
    $400 26
humidity

Jacqueline
    $400 13
(Jacqueline: What is octavo?)

oversized

JacquelineMichael
    $400 6
Innocence

Eric
    $400 21
Tiger Woods

Jacqueline
    $400 16
the Crusaders

Michael
    $800 2
Scarborough

Jacqueline
    $800 27
0

Eric
    $800 15
Paul Bunyan

Eric
    $800 7
(Henry) Miller

Michael
    $800 22
Yahoo!

Michael
    $800 17
1917

Jacqueline
    $1200 3
Texas

Michael
    $1200 28
the Northwest Passage

Eric
    $1200 11
humongous

Michael
    $1200 8
The Jungle

Eric
    $1200 23
Bobby Jindal

Michael
    $1200 18
1941

Michael
    $1600 4
Cleveland

Eric
    $1600 29
(Jacqueline: What is a desert?)

a shadow

JacquelineMichael
    $1600 12
a colossus

Eric
    $5,000 9
O Pioneers!

Eric
    $1600 24
Yo-Yo Ma

Eric
    $1600 19
Simón Bolívar

Michael
    $2000 5
Mobile & Memphis

Triple Stumper
    $2000 30
(Jacqueline: What is the Chilean current?)
[Originally ruled incorrect; reversed before Final Jeopardy!]

the Humboldt current

Jacqueline
    $7,000 14
titanic

Michael
    $2000 10
(Eric: Who is Dreier?)

(Theodore) Dreiser

MichaelEric
    $2000 25
(Eric) Shinseki

Eric
    $2000 20
Harold II

Jacqueline

Scores at the end of the Double Jeopardy! Round:

Jacqueline Michael Eric
$6,200 $28,600 $20,800

[wagering suggestions for these scores]

Final Jeopardy! Round responses

TRANSPORTATION
(Alex: It helps if you're in the right area. If you're on the ground, you're in trouble.)
...
(Alex: [To Eric] No, he's on the ground, on the rails. And he's on the rails in more ways than one. He loses $14,599. He has $6,201...)
...
(Alex: No, think of air, think of Hebrew, [*]. And the year, very important, 1948.)
JacquelineWhat is ?
$6,200
EricWhat is Amtrak
$14,599
MichaelWhat is Greyhound
$16,199
El Al Airlines

Final scores:

Jacqueline Michael Eric
$0 $12,401 $6,201
3rd place: $1,000 New champion: $12,401 2nd place: $2,000

Game dynamics:

Coryat scores:

Jacqueline Michael Eric
$6,200 $23,000 $17,400
11 R,
3 W
26 R
(including 2 DDs),
0 W
22 R
(including 1 DD),
2 W

Combined Coryat: $46,600

[game clues] [game scores] [suggest correction]

Game tape date: 2015-01-13
The J! Archive is created by fans, for fans. Scraping, republication, monetization, and malicious use prohibited; this site may use cookies and collect identifying information. See terms. The Jeopardy! game show and all elements thereof, including but not limited to copyright and trademark thereto, are the property of Jeopardy Productions, Inc. and are protected under law. This website is not affiliated with, sponsored by, or operated by Jeopardy Productions, Inc. Join the discussion at JBoard.tv.